| 000 | 00773nam a2200193 a 4500 | ||
|---|---|---|---|
| 008 | 160223s2010 ||||||||||||||||| || u | ||
| 020 | _a9780123749383 | ||
| 050 | _aQR 171.16 Bio | ||
| 100 | _aWatson, Ronald Ross | ||
| 245 | 1 | 0 |
_aBioactive foods in promoting health probiotics and prebiotics _cEdited By Ronald Ross Watson [and] Victor R. Preedy |
| 260 |
_aAmsterdam _bAcademic Press/Elsevier _c2010 |
||
| 300 | _axix, 617p.: ill. | ||
| 350 | _a185.00 | ||
| 650 | _aBACTERIA-- HEALTH ASPECTS | ||
| 650 | _aPREBIOTICS | ||
| 650 | _aPROBIOTICS | ||
| 650 | _aFUNCTIONAL FOODS | ||
| 995 |
_aMICHAEL CHILUFYA SATA OPEN ACCESS _e903372 _FCBU-SCHOOL OF MEDICINE LIBRARY (Ndola) _I185.00 _jQR 171.16 Bio _M1 _UAVAILABLE _WMar 3, 2016 _y903372 _ZMedical Library Open Access Collection |
||
| 999 |
_c30860 _d30860 |
||